000 00458nam a2200193Ia 4500
005 20231003092124.0
008 131103s9999 xx 000 0 und d
020 _a571200338
040 _aLoreto College
041 _aEnglish
082 _aF
_bPLA
100 _aPlath,Sylvia
245 4 _aThe Bell Jar
_cSylvia Plath
260 _aLondon
_bFaber & Faber
_c1963
300 _a257 p.
650 _aFiction in English
850 _aLCLIB
942 _cBK
999 _c14684
_d65163